| 000 | 00995cam a2200229 4500 | ||
|---|---|---|---|
| 001 | WB3619-20 | ||
| 008 | 000000n2000 000 0 eng u | ||
| 035 | _a(Sirsi) u106004 | ||
| 245 | _aHealth effects of mobile phones | ||
| 260 | _c2000 | ||
| 490 |
_aDETR News Release _v(0270) 11 May 2000, (12) |
||
| 520 | _aGovernment response to the report of the Independent Expert Group on Mobile Phones and Health, commissioned in April 1999. Base station planning issues and emissions are discussed. Although the report states the balance of evidence does not suggest mobile phones are a health risk, the government intends to expand the research programme into the effects of mobile phone use. | ||
| 590 | _aWB | ||
| 650 | _aMOBILE PHONE MASTS | ||
| 650 | _aBASE STATIONS | ||
| 650 | _aEMISSION LEVELS | ||
| 650 | _aINDEPENDENT EXPERT GROUP ON MOBILE PHONES AND HEALTH | ||
| 650 | _aSIR WILLIAM STEWART | ||
| 650 | _aHEALTH HAZARDS | ||
| 690 |
_aHealth and safety _96244 |
||
| 942 | _n0 | ||
| 999 |
_c63484 _d63484 |
||